Представление документа в формате MARC21

Поле Инд. ПП Название Значение
Тип записи a
Библиографический уровень m
001 Контрольный номер 1636c0731a834ba9aaf06a32c22ed5eb
005 Дата корректировки 20230918105734.9
040 b Код языка каталог. rus
041 0_ a Код языка текста rus
080 a Индекс УДК 004.85
084 a Индекс другой классификации/Индекс ББК 32.813.5
090 x Авторский знак З-99
097 b Оператор 02
100 1_ a Автор Зязюлькин С. П.
245 10 a Заглавие Модели и алгоритмы на основе машинного обучения для разработки игровых интеллектуальных агентов
b Продолж. заглавия дисс. на соиск. степени магистра техн. наук : 1-40 80 04
c Ответственность науч. рук. С. Н. Нестеренков
260 c Дата издания 2021
a Место издания Минск
b Издательство БГУИР
300 a Объем 77 с.
e Сопроводительные материалы автореферат
510 0_ a Примечание о ссылках Диссертации и авторефераты диссертаций
653 0_ a Ключевые слова машинное обучение; искусственный интеллект
856 40 u URL https://libeldoc.bsuir.by/bitstream/123456789/45027/1/Zyazyulkin_Modeli.pdf
901 t Тип документа d